MARC

LEADER 00000nam0a2200000 4500
001 280933
005 20231101235344.0
020 |a RU  |b 86-71103 
035 |a (RuTPU)RU\TPU\book\304512 
090 |a 280933 
100 |a 20150115d1986 m y0rusy5003 ca 
101 0 |a rus 
102 |a RU 
105 |a a j 001zy 
200 1 |a Основы методики научных исследований в подземном строительстве  |e [текст лекции]  |f Н. С. Булычев  |g Тульский политехнический институт (ТулПИ, ТПИ) 
210 |a Тула  |c Изд-во ТулПИ  |d 1986 
215 |a 58 с.  |c ил.  |d 20 см 
320 |a Библиогр.: с. 56 (10 назв.) 
606 1 |a Подземное строительство  |2 stltpush  |3 (RuTPU)RU\TPU\subj\49623  |9 68408 
610 1 |a научные исследования 
610 1 |a научное мышление 
610 1 |a наука 
610 1 |a классификация 
610 1 |a эксперименты 
610 1 |a моделирование 
610 1 |a лекции 
610 1 |a учебные пособия 
675 |a 624.1(075.8)  |z rus  |v 4 
700 1 |a Булычев  |b Н. С.  |g Николай Спиридонович  |4 070 
712 0 2 |a Тульский политехнический институт (ТулПИ, ТПИ)  |c (1963-1992)  |2 stltpush  |3 (RuTPU)RU\TPU\col\284 
801 0 |a RU  |b RuMRKP  |c 19950417  |g psbo 
801 1 |a RU  |b 63413507  |c 20150115 
801 2 |a RU  |b 63413507  |c 20200827  |g RCR 
942 |c BK